Symbolic theories in applied communication research : Bormann, Burke and Fisher

Saved in:
Bibliographic Details
Main Author: Cragan, John F.
Other Authors: Shields, Donald C.
Format: Book
Language:English
Published: New Jersey : Virginia : Hampton Press;, Speech Communication Association, 1995
Series:SCA applied communication publication program
Subjects:
Tags: Add Tag
No Tags, Be the first to tag this record!

MARC

LEADER 00000nam a2200000 i 4500
001 1/90430
008 990927s1995 eng d
020 |a 1-881303-25-X 
035 |l 10053101 
040 |a GR-MY-UA  |b gre  |e aacr 
041 0 |a eng 
082 0 |a 302.201 
100 1 |a Cragan, John F. 
245 1 0 |a Symbolic theories in applied communication research :  |b Bormann, Burke and Fisher /  |c John F. Cragan; Donald C. Shields 
260 |a New Jersey :   |a Virginia :   |b Hampton Press;,   |b Speech Communication Association,   |c 1995 
300 |a 349 p. 
490 1 |a SCA applied communication publication program 
504 |a Includes bibliographical references and index 
650 0 0 |a Communication  |x Research  |x Methodology. 
650 0 0 |a Communication  |x Philosophy. 
700 1 |a Shields, Donald C. 
830 0 |a SCA applied communication publication program 
852 |a INST  |b LESVOS  |e 19990927  |h 302.201 CRA  |p 005100019363  |q 005100019363  |t BK  |y 0 
901 |a BIBL1-1999-3 
909 |a Λ  |b 066472 
922 |a 1ΕΛΗ  |b 199906  |c ΚΠΣ/ΤΚΑ  |d ΠΑΠΑΣΩΤΗΡΙΟΥ 
950 |a 117-1998-07-12 
970 |a ΜΟΥΣΤΑΚΑ  |b ΠΗΝΕΛΟΠΗ  |z 1999/10/06